| 000 | 01001nas a2200325 4500 | ||
|---|---|---|---|
| 001 | BR2011002245 | ||
| 003 | BR-BrBNA | ||
| 005 | 20231205115249.0 | ||
| 007 | ta | ||
| 008 | 230509b bl.|||p| |||| 00| 00por d | ||
| 040 |
_aBR-BrBNA _bpor _cBiblioteca Nacional de Agricultura |
||
| 041 | _a(Pt) | ||
| 072 | _aK70; K50 | ||
| 100 | 1 | _aGonçalez, J.C. | |
| 100 | 1 | _aFélix, T.L.F. | |
| 100 | 1 | _aGouveia, F.N. | |
| 100 | 1 | _aCamargos, J.A.A. | |
| 100 | 1 | _aRibeiro, P.G. | |
| 245 | 1 | _aEfeito da radiação ultravioleta na cor da madeira de freijó (Cordia goeldiana Huber)após receber produtos de acabamentos | |
| 650 | _aMADEIRA | ||
| 650 | _aPROCESSAMENTO | ||
| 650 | _aENVELHECIMENTO | ||
| 650 | _aDANO | ||
| 650 | _aFREIJÓ-CINZA | ||
| 650 | _aÁRVORE FLORESTAL | ||
| 650 | _aPROTEÇÃO FLORESTAL | ||
| 773 | 0 |
_tCiência Florestal (Brazil) _xISSN 0103-9954 _g(Oct-Dec 2010), v. 20(4) p. 657-664 _wBR2011002245 |
|
| 909 |
_a202311 _bLúcia _c55 _dLúcia Elande |
||
| 942 |
_2AGRIS _n0 _cANA |
||
| 999 |
_c212894 _d212894 |
||